| 000 | 00436nam a22001577a 4500 | ||
|---|---|---|---|
| 003 | OSt | ||
| 005 | 20140310182205.0 | ||
| 008 | 130903t xxu||||| |||| 00| 0 eng d | ||
| 050 |
_aAG 195 _b.EV93 2006 |
||
| 082 |
_aHS 909 _bEv2 2006 |
||
| 245 |
_aEverything : _ba very short introduction to everything / |
||
| 260 |
_aUSA : _bOxford University Press, _c2006. |
||
| 300 |
_a125 p. ; _bill. ; _c18 cm. |
||
| 942 | _2lcc | ||
| 999 |
_c10315 _d10315 |
||